Statistics for Most Common Languages by Australian State or Territory

Click here to take the quiz!

General Stats

  • This quiz has been taken 42 times
  • The average score is 7 of 11

Answer Stats

# ProvincesLanguage% Correct
7Mandarin
100%
2Spanish
88%
3Italian
83%
2Cantonese
80%
6Vietnamese
78%
1Arabic
76%
3Greek
56%
3Punjabi
56%
3Nepali
24%
1Kriol
7%
1Dhuwal
2%

Score Distribution

Percentile by Number Answered

Percent of People with Each Score

Your Score History

You have not taken this quiz